000 01047nam a22002537a 4500
005 20170123164159.0
010 _aB-210469
020 _c100.00
035 _aB-210469
037 _bCen Lib/Ret
040 _aDPL
_bPN
082 _a398
_bਰਾਜਵੰ
100 _aਰਾਜਵੰਤ ਕੌਰ ਪੰਜਾਬੀ
_944330
245 _aਰੰਗਲਾ ਪੰਜਾਬ ਮੇਰਾ
_cਰਾਜਵੰਤ ਕੌਰ ਪੰਜਾਬੀ
_bਪੰਜਾਬੀ ਲੋਕ ਜੀਵਨ /
246 _bRanglaa punjab meera : punjabi lok jeevan /
_aby Rajwant Kaur Punjabi
260 _bਲੋਕਗੀਤ ਪ੍ਰਕਾਸ਼ਨ
_aਚੰਡੀਗੜ੍ਹ
_c2005
270 _bਚੰਡੀਗੜ੍ਹ
_aSCO 26-27 Sector 34A
_e160022
300 _a120p.
_c20cm(Hb)
650 _aFolkl Romances
_zPunjab
_9141120
650 _aਲੋਗ ਗੀਤ - ਪੰਜਾਬ
_991337
650 _aਪੰਜਾਬੀ -- ਸਾਹਿਤ
_9141121
650 _aPunjab -- literature
_9130983
942 _2ddc
_cPN
_h398
_mਰਾਜਵੰ
999 _c110903
_d110903